000 01090cam a2200301 a 4500
001 2981194
003 ARRUPE
005 20131205184712.0
008 920106s1990 enkb b 001 0 eng c
010 _a 92100957
020 _a0333439600
020 _a0333439619 (pbk.)
040 _aMH
_cMH
043 _ae------
050 1 4 _aD295
_b.E55 1990
245 0 0 _aEnlightened absolutism :
_breform and reformers in later eighteenth-century Europe /
_cedited by H.M. Scott.
260 _aHoundmills, Basingstoke, Hampshire :
_bMacmillan,
_c1990.
300 _aix, 385 p. :
_b2 maps ;
_c23 cm.
490 1 _aProblems in focus series
504 _aIncludes bibliographical references (p. 313-341) and index.
650 0 _aDespotism
_zEurope
_xHistory
_y18th century.
_95257
650 0 _aEnlightenment
_zEurope.
_95258
651 0 _aEurope
_xPolitics and government
_y1648-1789.
_95259
700 1 _aScott, H. M.
_q(Hamish M.),
_d1946-
_95260
830 0 _aProblems in focus series (London, England)
_95261
906 _a7
_bcbc
_corignew
_du
_encip
_f19
_gy-gencatlg
942 _2lcc
_cMONOGRAPH
999 _c119117
_d119117